000 00618nam a2200229Ia 4500
003 OSt
005 20221007064656.0
006 a|||||r|||| 00| 0
007 ta
008 221006b |||||||| |||| 00| 0 eng d
024 _a17,012
037 _cTextual
040 _aFLL
_cFLL
_beng
041 _2eng
_aeng
082 _aY12:45223.2.N7, L9
100 _aShukla K.S. Au.
_9686153
245 0 _aAdolescent thieves
260 _aDelhi
_bLeeladevi publications Delhi
_c1979
300 _a223p
_ccm.
942 _hY12:45223.2.N7, L9
_cTEXL
_2CC
999 _c1134969
_d1134969